Az inverzió és alkalmazása

Elmentve itt :
Bibliográfiai részletek
Szerző: Farkas Katalin
További közreműködők: Szilassi Lajos (Témavezető)
Dokumentumtípus: Szakdolgozat
Megjelent: 1986
Tárgyszavak:
Online Access:http://diploma.bibl.u-szeged.hu/123544
LEADER 00590nta a2200181 i 4500
001 dipl123544
005 20220405125802.0
008 220301s1986 hu om 0|| zxx d
040 |a SZTE Diploma Repozitórium  |b hun 
041 |a zxx 
100 1 |a Farkas Katalin 
245 1 3 |a Az inverzió és alkalmazása  |h [elektronikus dokumentum] /  |c Katalin Farkas 
260 |c 1986 
650 4 |a Természettudományok 
650 4 |a Natural sciences 
650 4 |a Mathematics 
700 1 |a Szilassi Lajos  |e ths 
856 4 0 |u http://diploma.bibl.u-szeged.hu/id/eprint/123544/1/1986_farkas_katalin.pdf  |z Dokumentum-elérés